000 01175nam a2200217Ia 4500
003 OSt
005 20210727231511.0
008 210310s1980 ck fr 000 0 spa d
040 _aCO-JMCR
_cCO-JMCR
041 0 _aspa
082 0 4 _a341.752 /
_bC352p
_223
100 1 _aCastillo Triana, Rafael,
_916323
_eautor
245 1 0 _aProyecciones jurídicas y socioeconómicas de las inversiones extranjeras en Colombia /
_cRafael Castillo Triana
260 _aBogotá :
_bPontificia Universidad Javeriana,
_c1980
300 _a178 páginas ;
_c22 cm.
500 _aIncluye notas a pie de página.
504 _aBibliografía: páginas [179-181]
505 0 _aMarco teórico -- Las inversiones extranjeras y el derecho -- Las inversiones extranjeras en la ciencia política -- Las inversiones extranjeras en la teoría económica -- Marco histórico -- Marco estructural -- Las inversiones extranjera en la economía mundial -- Las inversiones extranjeras en Colombia Marco Jurídico y Económico -- Las inversiones extranjeras y el empleo -- Las inversiones extranjeras y el sistema político colombiano
650 1 4 _aInversiones extranjeras
_916325
_zColombia
942 _2ddc
_cBK
999 _c8097
_d8097